| 000 | 00992nam a2200241 a 4500 | ||
|---|---|---|---|
| 001 | 61856 | ||
| 003 | BD-RjUL | ||
| 005 | 20211209081017.0 | ||
| 008 | 170122s1968 bg ||||| |||| 00| 0 ben d | ||
| 020 | _c: Tk'. 9.00 | ||
| 035 | _a(BD-RjUL)61980 | ||
| 040 |
_aBD-RjUL _bben _cBD-RjUL |
||
| 041 | _aben | ||
| 082 |
_223 _a370.95 _bHAS 1968 |
||
| 100 |
_aহক, মুহম্মদ শামস্-উল _9184163 |
||
| 245 | 1 | 0 |
_aশিক্ষা ও জাতীয় উন্নয়ন / _cমুহম্মদ শামস্-উল হক ; আবদুল্লাহ আল-মুতী অনূদিত |
| 260 |
_aঢাকা : _bবাংলা একাডেমী, _c১৯৬৮ |
||
| 300 |
_a[১৪], ৩০১ পৃ. ; _c২৩ সেমি. |
||
| 650 |
_aশিক্ষা _zএশিয়া _9184164 |
||
| 650 |
_aEducation _zAsia _9181934 |
||
| 700 |
_aআল-মুতী, আবদুল্লাহ, অনুবাদক _9184165 |
||
| 942 |
_2ddc _cBK |
||
| 999 |
_c61856 _d61856 |
||